Mechanizm ksztaltowania kosztów

Guardado en:
Detalles Bibliográficos
Autor principal: Chojecki, Zenon
Formato: Libro
Lenguaje:polaco
Publicado: Poznan Akademia Ekonomiczna 1981
Colección:Zeszyty naukowe-seria 2 zeszyt nr. 73
Etiquetas: Agregar Etiqueta
Sin Etiquetas, Sea el primero en etiquetar este registro!

MARC

LEADER 00000nam a2200000 4500
001 c125188
005 20041019155234.3
041 0 |a pol 
044 |a PL 
245 1 0 |a Mechanizm ksztaltowania kosztów  |c Zenon Chojecki 
264 1 |a Poznan  |b Akademia Ekonomiczna  |c 1981 
300 |a 119 s. 
490 1 |a Zeszyty naukowe-seria 2  |v zeszyt nr. 73 
830 0 |a Zeszyty naukowe-seria 2  |v zeszyt nr. 73 
100 1 |a Chojecki, Zenon